Metodika odhadu kulminačního průtoku při povodňových průtocích pomocí hydraulických výpočetních postupů = Method of the estimating of the peak flow rate during floods using the hydraulic calculation procedures /

Main Author: Havlík, Aleš, 1956-
Corporate Author: České vysoké učení technické v Praze. Stavební fakulta
Language: Czech
Published: V Praze : České vysoké učení technické, 2006
Series: Habilitační přednášky ; 13/2006
Subjects:
Physical Description: 23 s. : il. ; 21 cm
Language note: Anglické resumé
Book
Saved in:
LEADER 02357nam a2200577 a 4500
001 nkc20061657934
003 CZ PrNK
005 20060823074616.0
007 ta
008 060602s2006 xr a f m 000 0 cze
015 |a cnb001657934 
020 |a 80-01-03500-X  |q (brož.) 
035 |a (OCoLC)85550593 
040 |a BOA001  |b cze  |d ABA001 
041 0 |a cze  |b eng 
072 7 |a 556  |x Hydrologie  |2 Konspekt  |9 7 
080 |a 556.166  |2 MRF 
080 |a 532.57  |2 MRF 
080 |a 532.5  |2 MRF 
080 |a 556.52/.53  |2 MRF 
080 |a (043.5:042.3)  |2 MRF 
100 1 |a Havlík, Aleš,  |d 1956-  |7 ntka172510  |4 aut 
245 1 0 |a Metodika odhadu kulminačního průtoku při povodňových průtocích pomocí hydraulických výpočetních postupů =  |b Method of the estimating of the peak flow rate during floods using the hydraulic calculation procedures /  |c Aleš Havlík 
246 3 1 |a Method of the estimating of the peak flow rate during floods using the hydraulic calculation procedures 
260 |a V Praze :  |b České vysoké učení technické,  |c 2006 
300 |a 23 s. :  |b il. ;  |c 21 cm 
490 1 |a Habilitační přednášky ;  |v 13/2006 
500 |a 150 výt. 
500 |a Nad názvem: České vysoké učení technické v Praze, Fakulta stavební 
504 |a Obsahuje bibliografii 
546 |a Anglické resumé 
650 0 7 |a povodně  |7 ph115846  |2 czenas 
650 0 7 |a vodní toky  |7 ph116612  |2 czenas 
650 0 7 |a průtoky  |7 ph124760  |2 czenas 
650 0 7 |a hydrodynamika  |7 ph114737  |2 czenas 
650 0 7 |a měření průtoku  |7 ph217743  |2 czenas 
650 0 9 |a floods  |2 eczenas 
650 0 9 |a water streams  |2 eczenas 
650 0 9 |a rate of flow  |2 eczenas 
650 0 9 |a hydrodynamics  |2 eczenas 
650 0 9 |a flow measurement  |2 eczenas 
655 7 |a habilitační přednášky  |7 fd187328  |2 czenas 
655 9 |a habilitation lectures  |2 eczenas 
710 2 |a České vysoké učení technické v Praze.  |b Stavební fakulta  |7 kn20010710181 
810 2 |a České vysoké učení technické v Praze.  |t Habilitační přednášky  |0 s 
910 2 |a BOA001  |b 2-1164.879 
990 |a BK 
995 |a 01 
991 |b 200607  |c NOV 
996 6 |b 2610283288  |c 2-1164.879  |l MZK  |r Sklad / do 1 hodiny  |n 0  |p p.v.  |w 000818978  |u 000010  |a 1  |e BOA001  |j MZK50  |s P 
996 7 |b 2610283289  |c 2-1164.879  |l MZK  |r Sklad / do 1 hodiny  |n 4  |p p.v.  |w 000818978  |u 000020  |a 1  |e BOA001  |j MZK50  |s A